Historia del medio ambiente : la transformación de la naturaleza: de mundo ajeno y amenazante a espacio por conquistar. La génesis del movimiento ambientalista. /
Guardado en:
| Autor Principal: | |
|---|---|
| Formato: | Libro |
| Idioma: | Undetermined |
| Publicado: |
Buenos Aires :
Capital Intelectual,
2007.
|
| Edición: | 1a. ed. |
| Series: | Estación ciencia ;
7 |
| Materias: | |
| Etiquetas: |
Agregar Etiqueta
Sin Etiquetas, Sea el primero en etiquetar este registro!
|
| LEADER | 00640nam a22001695a 4500 | ||
|---|---|---|---|
| 001 | DER.der015309 | ||
| 008 | 251002s2007####ag############000#0#und#d | ||
| 005 | 20251008093528.0 | ||
| 245 | 1 | 0 | |a Historia del medio ambiente : |b la transformación de la naturaleza: de mundo ajeno y amenazante a espacio por conquistar. La génesis del movimiento ambientalista. / |c Sergio Federovisky. |
| 250 | |a 1a. ed. | ||
| 260 | |a Buenos Aires : |b Capital Intelectual, |c 2007. | ||
| 300 | |a 104 p. | ||
| 490 | 1 | |a Estación ciencia ; |v 7 | |
| 020 | |a 9789876140287 | ||
| 100 | 1 | |a Federovisky, Sergio. | |
| 650 | 7 | |a MEDIOAMBIENTE | |
| 859 | |a DERECHO |b BIB. DERECHO |h 577.09 |i FED |p 0010652 | ||
